000 02274cam a2200385 a 4500
001 1598167
005 19981112152315.2
008 940902s1995 maua | b 001 0 eng d
010 _a 94034264
020 _a0201633612 (acidfree paper)
020 _a9780201633610
040 _aDLC
_cDLC
_dDLC
050 0 0 _aQA76.64
_b.D47 1995
082 0 0 _a005.12
_220
_bGAM
245 0 0 _aDesign Patterns :
_bElements of Reusable Object-Oriented Software /
_cErich Gamma ... [et al.].
260 _aBoston :
_bAddison-Wesley,
_cc1995.
300 _axv, 395 p. :
_bill.;
_c25 cm.
490 0 _aAddison-Wesley professional computing series
_927551
504 _aIncludes bibliographical references (p. 375-381) and index.
650 0 _aObject-oriented programming (Computer science)
_927552
650 0 _aComputer software
_xReusability.
_927553
650 0 _aSoftware patterns.
_927554
653 _bCS
_cOctober2011
700 1 _aGamma, Erich.
_927555
942 _2ddc
_cBB
999 _c16148
_d16148